Religion Quiz

Random Religion or Church Quiz

Articles of Faith Quiz Stats

 Plays Quiz not verified by Sporcle

Challenge
Share
Tweet
Embed
Score 0/100 Timer 15:00
0 Plays Today
Article of Faith Phrase % Correct
FirstWe believe in God,
95.2%
Firstthe Eternal Father,
90.3%
Firstand in HIs Son,
90.3%
FirstJesus Christ,
89.5%
Firstand in the Holy Ghost.
88.7%
FifthWe believe that a man
73.4%
Fourthfirst,
70.2%
FourthFaith in the Lord Jesus Christ;
70.2%
Fourthsecond,
70.2%
FourthRepentance;
70.2%
Fourththird,
70.2%
Fourthfourth,
69.4%
Secondand not for Adam’s transgression.
68.5%
FourthBaptism by immersion
68.5%
FourthLaying on of hands
67.7%
Fourthfor the remission of sins;
67.7%
Fourthfor the gift of the Holy Ghost.
66.9%
FourthWe believe that the first principles
66.1%
Fourthand ordinances of the Gospel are:
66.1%
SecondWe believe that men will be punished
63.7%
Secondfor their own sins,
62.9%
ThirdWe believe that through
62.1%
EighthWe believe the Bible
62.1%
Eighthto be the word of God
60.5%
Eighthto be the word of God.
60.5%
Eighthwe also believe the Book of Mormon
59.7%
Thirteenthchaste,
59.7%
Thirteenthbenevolent,
59.7%
Eighthas far as it is translated correctly;
59.7%
Thirdthe Atonement of Christ,
59.7%
ThirteenthWe believe in being honest,
58.9%
Thirteenthtrue,
58.9%
Fifthmust be called of God,
58.9%
Thirdall mankind may be saved,
58.1%
Article of Faith Phrase % Correct
Thirteenthand in doing good to all men;
57.3%
Thirteenthindeed,
57.3%
Thirteenthwe hope all things,
57.3%
Sixthand so forth.
55.6%
Seventhand so forth.
55.6%
Thirteenthvirtuous,
55.6%
Sixthteachers,
54.8%
ThirteenthWe believe all things,
54.8%
Thirteenthwe have endured many things,
54.8%
Sixthapostles,
54%
Sixthprophets,
54%
Sixthpastors,
54%
TenthWe believe in the literal
54%
SixthWe believe in the same organization
53.2%
Sixthnamely,
52.4%
Sixthevangelists,
52.4%
Fifthand by the laying on of hands
51.6%
Sixththat existed in the Primitive Church,
51.6%
Thirdof the Gospel.
51.6%
Thirdby obedience to the laws and ordinances
50.8%
Thirteenthlovely,
50.8%
Tenthgathering of Israel
50.8%
Fifthby prophecy,
50%
Thirteenthand hope to be able to endure all things.
50%
Thirteenthwe seek after these things.
48.4%
ThirteenthIf there is anything virtuous,
47.6%
EleventhWe claim the privilege
46%
Thirteenthor of good report or praiseworthy,
46%
Fifthby those who are in authority,
45.2%
SeventhWe believe in the gift of tongues,
43.5%
Twelfthrulers,
43.5%
Thirteenthwe may say that we follow the admonition of Paul—
43.5%
Eleventhlet them worship how,
42.7%
Eleventhwhere,
42.7%
Article of Faith Phrase % Correct
TwelfthWe believe in being subject to kings,
42.7%
Fifthto preach the Gospel
41.9%
Seventhinterpretation of tongues,
41.9%
Tenththat Zion
41.9%
Tenth(the New Jerusalem)
41.9%
Tenthand, that the earth
41.9%
Twelfthpresidents,
41.9%
Seventhprophecy,
41.1%
Seventhrevelation,
41.1%
Twelfthand magistrates,
41.1%
Fifthand administer in the ordinances thereof.
41.1%
Seventhhealing,
39.5%
NinthWe believe all that God has revealed,
39.5%
Tenthwill be renewed
38.7%
Twelfthin obeying,
38.7%
Twelfthhonoring,
38.7%
Twelfthand sustaining the law.
38.7%
Eleventhaccording to the dictates
38.7%
Ninthall that He does now reveal,
37.9%
Tenthwill be built upon the American continent;
37.9%
Eleventhor what they may.
37.1%
Eleventhof worshiping Almighty God
37.1%
Eleventhof our own conscience,
37.1%
Tenththat Christ will reign
36.3%
Eleventhand allow all men the same privilege,
36.3%
Ninthpertaining to the Kingdom of God.
35.5%
Tenthpersonally upon the earth;
35.5%
Seventhvisions,
34.7%
Ninthand we believe that He will yet reveal
34.7%
Ninthmany great and important things
34.7%
Tenthand in the restoration of the Ten Tribes;
33.1%
Tenthand receive its paradisiacal glory.
29%

You're not logged in!

Compare scores with friends on all Sporcle quizzes.
Join for Free
OR
Log In

You Might Also Like...

Show Comments

Extras

Top Quizzes Today


Score Distribution

Your Account Isn't Verified!

In order to create a playlist on Sporcle, you need to verify the email address you used during registration. Go to your Sporcle Settings to finish the process.

Report this User

Report this user for behavior that violates our Community Guidelines.

Details: